|
|
|
|
| LEADER |
00000nam0a2200000 4500 |
| 001 |
303908 |
| 005 |
20231102001641.0 |
| 020 |
|
|
|a RU
|b 83-46485
|
| 035 |
|
|
|a (RuTPU)RU\TPU\book\329143
|
| 090 |
|
|
|a 303908
|
| 100 |
|
|
|a 20150907d1983 k y0rusy5003 ca
|
| 101 |
0 |
|
|a rus
|
| 102 |
|
|
|a RU
|
| 105 |
|
|
|a y z 001zy
|
| 200 |
1 |
|
|a Проблема смысла : современный логико-философский анализ языка
|f Р. И. Павиленис
|
| 210 |
|
|
|a Москва
|c Мысль
|d 1983
|
| 215 |
|
|
|a 286 с.
|
| 320 |
|
|
|a Библиогр.: с. 265-278
|
| 320 |
|
|
|a Аннотированный указатель специальных терминов: с. 279-282
|
| 606 |
1 |
|
|a Смысл
|x Философия
|2 stltpush
|3 (RuTPU)RU\TPU\subj\55353
|9 73390
|
| 606 |
1 |
|
|a Семантика
|x Логика
|2 stltpush
|3 (RuTPU)RU\TPU\subj\54556
|9 72692
|
| 610 |
1 |
|
|a естественный язык
|
| 610 |
1 |
|
|a исторические предпосылки
|
| 610 |
1 |
|
|a методологические предпосылки
|
| 610 |
1 |
|
|a семантические представления
|
| 610 |
1 |
|
|a язык
|
| 610 |
1 |
|
|a мир
|
| 610 |
1 |
|
|a языковые значения
|
| 610 |
1 |
|
|a языковые образы
|
| 610 |
1 |
|
|a лингвистика
|
| 610 |
1 |
|
|a философский анализ
|
| 686 |
|
|
|a Ю251.3
|v LBC/SL-A
|2 rubbk
|
| 686 |
|
|
|a Ю41
|v LBC/SL-A
|2 rubbk
|
| 700 |
|
1 |
|a Павиленис
|b Р. И.
|g Роландас Ионович
|
| 801 |
|
0 |
|a RU
|b RuMRKP
|c 19950704
|g psbo
|
| 801 |
|
1 |
|a RU
|b 63413507
|c 20150907
|
| 801 |
|
2 |
|a RU
|b 63413507
|c 20170929
|g RCR
|
| 942 |
|
|
|c BK
|